Estadística matemática con aplicaciones (Registro nro. 12969)

Detalles MARC
000 -LIDER
fixed length control field 00621nam a22002057a 4500
003 - IDENTIFICACDOR DE NÚMERO DE CONTROL
control field DO-SdBNP
005 - DATE AND TIME OF LATEST TRANSACTION
control field 20171205104306.0
008 - ELEMENTOS DE LONGITUD FIJA
fixed length control field 171121b sp||||| |||| 00| 0 spa d
040 ## - FUENTE DE CATALOGACIÓN
Agencia que crea de manera original el registro BPMSU
Idioma de catalogación spa
Agencia que realiza la transcripción BPMSU
100 ## - ASIENTO PRINCIPAL -- NOMBRE PERSONAL
Nombre personal Wackerly , Dennis D, Mendenhall. William, Scheaffer , Richard L.
245 ## - MENCIÓN DE TITULO
Título Estadística matemática con aplicaciones
Mención de responsabilidad Dennis D. Wackerly
250 ## - MENCIÓN DE EDICION
Mención de edición 6ta ed.
260 ## - PUBLICACIÓN, DISTRIBUCIÓN, ETC. (PIE DE IMPRENTA)
Lugar de publicación, distribución, etc México :
Nombre del editor, distribuidor, etc. Thomson
Fecha de publicación, distribución, etc 2002
300 ## - DESCRIPCIÓN FÍSICA
Extensión 853 p.
Otros detalles físicos il. :
Dimensiones 23 cm
700 ## - ASIENTO SECUNDARIO -- NOMBRE PERSONAL
Nombre personal Mendenhall, William
700 ## - ASIENTO SECUNDARIO -- NOMBRE PERSONAL
Nombre personal Scheaffer, Richard L.
942 ## - ADDED ENTRY ELEMENTS (KOHA)
Source of classification or shelving scheme Dewey Decimal Classification
Koha item type Libros
945 ## - INFORMACIÓN DE PROCESAMIENTO LOCAL
Información de procesamiento local inventariado extranjero / DG
956 ## - LOCAL ELECTRONIC LOCATION AND ACCESS (OCLC)
Nombre de host dgarcia
Existencias
Withdrawn status Lost status Source of classification or shelving scheme Damaged status Not for loan Collection code Home library Current library Date acquired Source of acquisition Total Checkouts Barcode Date last seen Price effective from Koha item type
    Dewey Decimal Classification     Colección General Biblioteca Pública Metropolitana Salomé Ureña Biblioteca Pública Metropolitana Salomé Ureña 11/21/2017 Donado   BPMET17110278 11/21/2017 11/21/2017 Libros